<?xml version="1.0" encoding="UTF-8"?>
<record
    xmlns:xsi="http://www.w3.org/2001/XMLSchema-instance"
    xsi:schemaLocation="http://www.loc.gov/MARC21/slim http://www.loc.gov/standards/marcxml/schema/MARC21slim.xsd"
    xmlns="http://www.loc.gov/MARC21/slim">

  <leader>00392nam a22001577a 4500</leader>
  <controlfield tag="003">SGT</controlfield>
  <datafield tag="020" ind1=" " ind2=" ">
    <subfield code="a">9789389396362</subfield>
  </datafield>
  <datafield tag="082" ind1=" " ind2=" ">
    <subfield code="a">611</subfield>
    <subfield code="b">C20G</subfield>
  </datafield>
  <datafield tag="100" ind1=" " ind2=" ">
    <subfield code="a"> Krishna Garg</subfield>
  </datafield>
  <datafield tag="245" ind1=" " ind2=" ">
    <subfield code="a">Human Anatomy of Dental Student: For Dental Students</subfield>
  </datafield>
  <datafield tag="250" ind1=" " ind2=" ">
    <subfield code="a">4TH </subfield>
  </datafield>
  <datafield tag="260" ind1=" " ind2=" ">
    <subfield code="a">NEW DELHI </subfield>
    <subfield code="b">CBS Publishers &amp; Distributors</subfield>
    <subfield code="c">2020</subfield>
  </datafield>
  <datafield tag="300" ind1=" " ind2=" ">
    <subfield code="a">1-740</subfield>
  </datafield>
  <datafield tag="650" ind1=" " ind2=" ">
    <subfield code="a">Human Anatomy</subfield>
  </datafield>
  <datafield tag="942" ind1=" " ind2=" ">
    <subfield code="2">ddc</subfield>
    <subfield code="c">BK</subfield>
    <subfield code="0">258</subfield>
  </datafield>
  <datafield tag="952" ind1=" " ind2=" ">
    <subfield code="0">0</subfield>
    <subfield code="1">0</subfield>
    <subfield code="2">ddc</subfield>
    <subfield code="4">0</subfield>
    <subfield code="7">0</subfield>
    <subfield code="a">FD</subfield>
    <subfield code="b">FD</subfield>
    <subfield code="c">TXT</subfield>
    <subfield code="d">2021-03-05</subfield>
    <subfield code="e">AHUJA BOOK COMPANY </subfield>
    <subfield code="g">1050.00</subfield>
    <subfield code="i">SGTU</subfield>
    <subfield code="l">51</subfield>
    <subfield code="m">1</subfield>
    <subfield code="o">611 C20G</subfield>
    <subfield code="p">FD8301</subfield>
    <subfield code="r">2026-04-06 00:00:00</subfield>
    <subfield code="s">2026-04-06</subfield>
    <subfield code="w">2021-01-27</subfield>
    <subfield code="y">BK</subfield>
    <subfield code="k">12616</subfield>
  </datafield>
  <datafield tag="952" ind1=" " ind2=" ">
    <subfield code="0">0</subfield>
    <subfield code="1">0</subfield>
    <subfield code="2">ddc</subfield>
    <subfield code="4">0</subfield>
    <subfield code="7">0</subfield>
    <subfield code="a">FD</subfield>
    <subfield code="b">FD</subfield>
    <subfield code="c">TXT</subfield>
    <subfield code="d">2021-03-05</subfield>
    <subfield code="e">AHUJA BOOK COMPANY </subfield>
    <subfield code="g">1050.00</subfield>
    <subfield code="i">SGTU</subfield>
    <subfield code="l">67</subfield>
    <subfield code="m">1</subfield>
    <subfield code="o">611 C20G</subfield>
    <subfield code="p">FD8302</subfield>
    <subfield code="r">2026-04-21 00:00:00</subfield>
    <subfield code="s">2026-04-06</subfield>
    <subfield code="w">2021-01-27</subfield>
    <subfield code="y">BK</subfield>
    <subfield code="k">12616</subfield>
  </datafield>
  <datafield tag="952" ind1=" " ind2=" ">
    <subfield code="0">0</subfield>
    <subfield code="1">0</subfield>
    <subfield code="2">ddc</subfield>
    <subfield code="4">0</subfield>
    <subfield code="7">0</subfield>
    <subfield code="a">FD</subfield>
    <subfield code="b">FD</subfield>
    <subfield code="c">TXT</subfield>
    <subfield code="d">2021-03-05</subfield>
    <subfield code="e">AHUJA BOOK COMPANY </subfield>
    <subfield code="g">1050.00</subfield>
    <subfield code="i">SGTU</subfield>
    <subfield code="l">59</subfield>
    <subfield code="m">1</subfield>
    <subfield code="o">611 C20G</subfield>
    <subfield code="p">FD8303</subfield>
    <subfield code="r">2026-01-12 00:00:00</subfield>
    <subfield code="s">2026-01-09</subfield>
    <subfield code="w">2021-01-27</subfield>
    <subfield code="y">BK</subfield>
    <subfield code="k">12616</subfield>
  </datafield>
  <datafield tag="952" ind1=" " ind2=" ">
    <subfield code="0">0</subfield>
    <subfield code="1">0</subfield>
    <subfield code="2">ddc</subfield>
    <subfield code="4">0</subfield>
    <subfield code="7">0</subfield>
    <subfield code="a">FD</subfield>
    <subfield code="b">FD</subfield>
    <subfield code="c">TXT</subfield>
    <subfield code="d">2021-03-05</subfield>
    <subfield code="e">AHUJA BOOK COMPANY </subfield>
    <subfield code="g">1050.00</subfield>
    <subfield code="i">SGTU</subfield>
    <subfield code="l">52</subfield>
    <subfield code="m">4</subfield>
    <subfield code="o">611 C20G</subfield>
    <subfield code="p">FD8304</subfield>
    <subfield code="r">2026-04-21 00:00:00</subfield>
    <subfield code="s">2026-04-06</subfield>
    <subfield code="w">2021-01-27</subfield>
    <subfield code="y">BK</subfield>
    <subfield code="k">12616</subfield>
  </datafield>
  <datafield tag="952" ind1=" " ind2=" ">
    <subfield code="0">0</subfield>
    <subfield code="1">0</subfield>
    <subfield code="2">ddc</subfield>
    <subfield code="4">0</subfield>
    <subfield code="7">0</subfield>
    <subfield code="a">FD</subfield>
    <subfield code="b">FD</subfield>
    <subfield code="c">TXT</subfield>
    <subfield code="d">2021-03-05</subfield>
    <subfield code="e">AHUJA BOOK COMPANY </subfield>
    <subfield code="g">1050.00</subfield>
    <subfield code="i">SGTU</subfield>
    <subfield code="l">47</subfield>
    <subfield code="m">1</subfield>
    <subfield code="o">611 C20G</subfield>
    <subfield code="p">FD8305</subfield>
    <subfield code="r">2026-04-15 00:00:00</subfield>
    <subfield code="s">2026-04-15</subfield>
    <subfield code="w">2021-01-27</subfield>
    <subfield code="y">BK</subfield>
    <subfield code="k">12616</subfield>
  </datafield>
  <datafield tag="952" ind1=" " ind2=" ">
    <subfield code="0">0</subfield>
    <subfield code="1">0</subfield>
    <subfield code="2">ddc</subfield>
    <subfield code="4">0</subfield>
    <subfield code="7">0</subfield>
    <subfield code="a">FD</subfield>
    <subfield code="b">FD</subfield>
    <subfield code="c">TXT</subfield>
    <subfield code="d">2021-03-05</subfield>
    <subfield code="e">AHUJA BOOK COMPANY </subfield>
    <subfield code="g">1050.00</subfield>
    <subfield code="i">SGTU</subfield>
    <subfield code="l">63</subfield>
    <subfield code="m">1</subfield>
    <subfield code="o">611 C20G</subfield>
    <subfield code="p">FD8306</subfield>
    <subfield code="r">2026-01-15 00:00:00</subfield>
    <subfield code="s">2025-12-25</subfield>
    <subfield code="w">2021-01-27</subfield>
    <subfield code="y">BK</subfield>
    <subfield code="k">12616</subfield>
  </datafield>
  <datafield tag="999" ind1=" " ind2=" ">
    <subfield code="c">20910</subfield>
    <subfield code="d">20910</subfield>
  </datafield>
</record>
